| 000 | 00411nam a22001457a 4500 | ||
|---|---|---|---|
| 020 | _a9783540212591 | ||
| 040 | _cnust | ||
| 082 |
_a004.259 _bHYB |
||
| 100 |
_aAlur Rajeev _9122761 |
||
| 110 |
_a Pappas. J George (Eds.) _9122762 |
||
| 245 | _aHybrid Systems: Computation and Control | ||
| 260 |
_aNew York: _bSpringer, _c2004. |
||
| 650 |
_aHybrid Systems: Computation and Control _9122763 |
||
| 942 |
_2ddc _cBK |
||
| 999 |
_c609207 _d609207 |
||